Libellus de Medicinalibus Indorum Herbis : manuscrito azteca de 1552 : según traducción latina de Juan Badiano : versión española con estudios y comentarios por diversos autores /

সংরক্ষণ করুন:
গ্রন্থ-পঞ্জীর বিবরন
প্রধান লেখক: Cruz, Martín de la (autor)
বিন্যাস: গ্রন্থ
ভাষা:স্প্যানিশ
প্রকাশিত: México : Fondo de Cultura Económica : Instituto Mexicano del Seguro Social, 1991, c1991
ট্যাগগুলো: ট্যাগ যুক্ত করুন
কোনো ট্যাগ নেই, প্রথমজন হিসাবে ট্যাগ করুন!

MARC

LEADER 00000nam^a2200000^a^4500
001 000432120
005 20250526000000.0
009 20260310123005.857
020 |a 968-16-3607-4 
037 |a Acervo ITESO - Biblioteca 
041 |a ESP 
091 |a FHM. 05865 
100 |a Cruz, Martín de la  |e (autor) 
245 1 0 |a Libellus de Medicinalibus Indorum Herbis :  |b manuscrito azteca de 1552 : según traducción latina de Juan Badiano : versión española con estudios y comentarios por diversos autores / 
264 4 |a México :  |b Fondo de Cultura Económica :  |b Instituto Mexicano del Seguro Social,  |c 1991, c1991 
300 |a XX, 258 p. ;  |c 21.5 cm. 
336 |a texto  |b txt  |2 rdacontenido 
337 |a sin mediación  |b n  |2 rdamedio 
338 |a volumen  |b nc  |2 rdasoporte 
649 |a XX 
910 |a Fondo Hugo B. Margáin 
920 |a Impresos - Libros 
930 |a Libros Antiguos y Raros 
905 |a 126 
901 |a 0900111063  |b IT2  |c LRA  |i D104146  |u 20250526 
902 |a https://opac.biblio.iteso.mx/vufind/Record/000432120